书目信息 |
| 题名: |
农谚新编
|
|
| 作者: | 甄真 , 张涛 编著 | |
| 分册: | ||
| 出版信息: | 北京 中国社会出版社 2005.07 |
|
| 页数: | 180页 | |
| 开本: | 21cm | |
| 丛书名: | ||
| 单 册: | ||
| 中图分类: | S165 | |
| 科图分类: | ||
| 主题词: | 农谚--中国--汇编 | |
| 电子资源: | ||
| ISBN: | 978-7-5087-0598-9 | |
| 000 | 00681nam0 2200229 450 | |
| 001 | 003007852 | |
| 005 | 20100812143349.62 | |
| 010 | @a978-7-5087-0598-9@dCNY10.00 | |
| 100 | @a20100515d2005 em y0chiy50 ea | |
| 101 | 0 | @achi |
| 102 | @aCN@b110000 | |
| 105 | @ay z 000yy | |
| 200 | 1 | @a农谚新编@Anong yan xin bian@f甄真, 张涛编著 |
| 210 | @a北京@c中国社会出版社@d2005.07 | |
| 215 | @a180页@d21cm | |
| 330 | @a本书分农谚农杂篇、农谚种植业篇、农谚经济作物篇、农谚畜牧业篇、农谚林业篇、农谚气象篇六章。 | |
| 606 | 0 | @a农谚@y中国@j汇编 |
| 690 | @aS165@v4 | |
| 701 | 0 | @a甄真@Azhen zhen@4编著 |
| 701 | 0 | @a张涛@Azhang tao@4编著 |
| 801 | @c20100515 | |
| 905 | @dS165@eZ408@f5 | |
| 农谚新编/甄真, 张涛编著.-北京:中国社会出版社,2005.07 |
| 180页;21cm |
| ISBN 978-7-5087-0598-9:CNY10.00 |
| 本书分农谚农杂篇、农谚种植业篇、农谚经济作物篇、农谚畜牧业篇、农谚林业篇、农谚气象篇六章。 |
| ● |
| 相关链接 |
|
|
|
正题名:农谚新编
索取号:S165/Z408
 
预约/预借
| 序号 | 登录号 | 条形码 | 馆藏地/架位号 | 状态 | 备注 |
| 1 | 1024231 | 210242316 | 自科库401/401自科库 66排7列2层/ [索取号:S165/Z408] | 在馆 | |
| 2 | 1024232 | 210242325 | 期刊室512/401自科库 66排7列2层/ [索取号:S165/Z408] | 在馆 | |
| 3 | 1024233 | 210242334 | 期刊室512/401自科库 66排7列2层/ [索取号:S165/Z408] | 在馆 | |
| 4 | 1024234 | 210242343 | 自科库401/401自科库 66排7列2层/ [索取号:S165/Z408] | 在馆 | |
| 5 | 1024235 | 210242352 | 期刊室512/401自科库 66排7列2层/ [索取号:S165/Z408] | 在馆 |